| Tag |
First Indicator |
Second Indicator |
Subfields |
| LEADER |
00000pam a2200000 a 4500 |
| 001 |
in00000096582 |
| 005 |
20150924084716.0 |
| 008 |
820104s1982 nyua bc 00000 eng |
| 010 |
|
|
|a 81021717
|
| 020 |
|
|
|a 0872730913 :
|c $9.95
|
| 035 |
|
|
|a (OCoLC)08112865
|
| 035 |
|
|
|9 AAK8712AM
|
| 039 |
0 |
|
|a 2
|b 3
|c 3
|d 3
|e 3
|
| 040 |
|
|
|a DLC
|c DLC
|d TXA
|d UtOrBLW
|
| 043 |
|
|
|a n-us-ny
|
| 049 |
|
|
|a TXAM
|c [952228]
|
| 050 |
0 |
0 |
|a ND210
|b .B749 1982
|
| 082 |
0 |
|
|a 759.13/074/014723
|2 19
|
| 245 |
0 |
0 |
|a Brooklyn before the bridge :
|b American paintings from the Long Island Historical Society.
|
| 264 |
|
1 |
|a Brooklyn, N.Y. :
|b Brooklyn Museum,
|c [1982]
|
| 264 |
|
4 |
|c ©1982
|
| 300 |
|
|
|a 136 pages :
|b illustrations ;
|c 23 cm.
|
| 336 |
|
|
|a text
|b txt
|2 rdacontent
|
| 337 |
|
|
|a unmediated
|b n
|2 rdamedia
|
| 338 |
|
|
|a volume
|b nc
|2 rdacarrier
|
| 500 |
|
|
|a Exhibition held at the Brooklyn Museum, Feb. 20-May 31, 1982.
|
| 504 |
|
|
|a Includes bibliographical references.
|
| 610 |
2 |
0 |
|a Long Island Historical Society
|v Exhibitions.
|
| 650 |
|
0 |
|a Painting, American
|y 19th century
|v Exhibitions.
|
| 651 |
|
0 |
|a Brooklyn (New York, N.Y.)
|x in art
|v Exhibitions.
|
| 651 |
|
0 |
|a Long Island (N.Y.)
|x in art
|v Exhibitions.
|
| 710 |
2 |
|
|a Long Island Historical Society.
|
| 710 |
2 |
|
|a Brooklyn Museum.
|
| 999 |
|
|
|a MARS
|
| 999 |
f |
f |
|s b8fd87ee-9db2-337e-a11a-cb9e2a61d27f
|i 1bd4d7eb-b1ea-35ff-a064-e8e298963816
|t 0
|
| 952 |
f |
f |
|p normal
|a Texas A&M University
|b College Station
|c Sterling C. Evans Library
|d Evans: Library Stacks
|t 0
|e ND210 .B749 1982
|h Library of Congress classification
|i unmediated -- volume
|m A14806038163
|
| 998 |
f |
f |
|a ND210 .B749 1982
|t 0
|l Evans: Library Stacks
|